| 000 | 00476cam a22001217a 4500 | ||
|---|---|---|---|
| 008 | 180718b-- xxu||||| |||| 00| 0 eng d | ||
| 082 | _aL906x5441 E | ||
| 245 |
_aEpitome of CAG's Reports of the Comptroller and Auditor General of India, Gujarat _cby Accountant General (Audit)-II, Gujarat |
||
| 260 |
_aRajkot _bAccountant General (Audit)-II _c-- |
||
| 500 | _aLibrary has 2000/01-2008/09 | ||
| 650 | _aAuditing - India - Gujarat | ||
| 700 | _aGujarat. Accountant General (Audit)-II | ||
| 999 |
_c475477 _d475477 |
||